<?xml version="1.0" encoding="UTF-8"?>
<record
    xmlns:xsi="http://www.w3.org/2001/XMLSchema-instance"
    xsi:schemaLocation="http://www.loc.gov/MARC21/slim http://www.loc.gov/standards/marcxml/schema/MARC21slim.xsd"
    xmlns="http://www.loc.gov/MARC21/slim">

  <leader>00520nam a22001577a 4500</leader>
  <controlfield tag="005">20180106122757.0</controlfield>
  <controlfield tag="008">180106b        xxu||||| |||| 00| 0 eng d</controlfield>
  <datafield tag="037" ind1=" " ind2=" ">
    <subfield code="b">DPL/Pub</subfield>
  </datafield>
  <datafield tag="082" ind1=" " ind2=" ">
    <subfield code="a">340</subfield>
  </datafield>
  <datafield tag="245" ind1=" " ind2=" ">
    <subfield code="a">International research journal of socio legal studies</subfield>
  </datafield>
  <datafield tag="260" ind1=" " ind2=" ">
    <subfield code="a">Pune</subfield>
    <subfield code="b">A.K.K. New Law Academy</subfield>
  </datafield>
  <datafield tag="300" ind1=" " ind2=" ">
    <subfield code="a">v</subfield>
    <subfield code="c">24cm</subfield>
  </datafield>
  <datafield tag="310" ind1=" " ind2=" ">
    <subfield code="a">Quarterly</subfield>
  </datafield>
  <datafield tag="270" ind1=" " ind2=" ">
    <subfield code="b">Pune</subfield>
    <subfield code="e">411001</subfield>
    <subfield code="a">2390-B,K.B.Hidayatullah Road,Azam Campus,Camp</subfield>
    <subfield code="d">India</subfield>
    <subfield code="m">principalakknlapune@gmail.com</subfield>
  </datafield>
  <datafield tag="942" ind1=" " ind2=" ">
    <subfield code="2">ddc</subfield>
    <subfield code="c">SR</subfield>
    <subfield code="s">1</subfield>
    <subfield code="m">INT</subfield>
    <subfield code="h">340</subfield>
  </datafield>
  <datafield tag="999" ind1=" " ind2=" ">
    <subfield code="c">148923</subfield>
    <subfield code="d">148923</subfield>
  </datafield>
  <datafield tag="952" ind1=" " ind2=" ">
    <subfield code="0">0</subfield>
    <subfield code="1">0</subfield>
    <subfield code="2">ddc</subfield>
    <subfield code="4">0</subfield>
    <subfield code="7">1</subfield>
    <subfield code="8">NFIC</subfield>
    <subfield code="a">DBAD</subfield>
    <subfield code="b">DBAD</subfield>
    <subfield code="d">2018-01-06</subfield>
    <subfield code="e">DBAD/PUB</subfield>
    <subfield code="l">0</subfield>
    <subfield code="o">340 INT</subfield>
    <subfield code="r">2018-01-06 00:00:00</subfield>
    <subfield code="w">2018-01-06</subfield>
    <subfield code="y">SR</subfield>
  </datafield>
</record>
